| 000 | 01496nam0a2200397 4500 | ||
|---|---|---|---|
| 001 | RU\NLR\bibl\1802163 | ||
| 005 | 20250616150647.0 | ||
| 010 |
_a978-5-9270-0207-8 _9500 |
||
| 021 |
_aRU _b2011-55903 _93970 |
||
| 035 | _a(nilc)RSL-KNO-004977417 | ||
| 035 | _a(NLR Aleph) 001792821 | ||
| 090 |
_a1767248 _c1767248 |
||
| 100 | _a20131026d2011 |||y0rusy50 ca | ||
| 101 | 0 | _arus | |
| 102 | _aRU | ||
| 105 | _ay zzzz||||| | ||
| 200 | 1 |
_aГуманитарная технология организационного проектирования и развития _fВ. Б. Рябов _gРоссийская акад. наук, Ин-т психологии |
|
| 210 |
_aМосква _cИн-т психологии РАН _d2011 |
||
| 215 |
_a223 с. _cил., табл. _d22 |
||
| 225 | 1 | _aФундаментальная психология - практике | |
| 320 | _aБиблиогр.: с. 215-223 | ||
| 606 | 1 |
_aОрганизационное проектирование _92184537 _3RU\NLR\AUTH\661313457 |
|
| 610 | 0 | _aкачество трудовой жизни | |
| 686 |
_aУ9(2)0-94,0 _2rubbk |
||
| 686 |
_aУ9(2)240-21,0 _2rubbk |
||
| 686 | 1 | _aУ29(0) | |
| 686 | 1 | _aС550.44 | |
| 700 | 1 |
_aРябов _bВ. Б. _gВладимир Борисович _4070 |
|
| 801 | 0 |
_aRU _bRuMoRKP _c20110725 _grcr |
|
| 801 | 1 |
_aRU _bРГБ _c20110725 |
|
| 801 | 2 |
_aRU _bNLR _c20110826 _grcr |
|
| 830 | _aавт. по кн. | ||
| 942 | _cBOOK | ||
| 980 | _aNB | ||
| 980 | _aNBR | ||